<?xml version="1.0" encoding="UTF-8"?>
<marc:record xmlns:marc="http://www.loc.gov/MARC21/slim">
   <marc:leader>00000nam a2200000 a 4500</marc:leader>
   <marc:datafield ind1="1" ind2=" " tag="100">
      <marc:subfield code="a">Perwitzschky, Olaf</marc:subfield>
      <marc:subfield code="4">aut</marc:subfield>
      <marc:subfield code="e">Verfasser/-in</marc:subfield>
   </marc:datafield>
   <marc:datafield ind1=" " ind2=" " tag="653">
      <marc:subfield code="a">Klettern</marc:subfield>
   </marc:datafield>
   <marc:datafield ind1="0" ind2="0" tag="245">
      <marc:subfield code="a">Besser Klettern</marc:subfield>
   </marc:datafield>
   <marc:datafield ind1="0" ind2="0" tag="245">
      <marc:subfield code="b">Technik und Sicherheit für Halle und Fels</marc:subfield>
   </marc:datafield>
   <marc:datafield ind1=" " ind2="1" tag="264">
      <marc:subfield code="b">BLV</marc:subfield>
      <marc:subfield code="c">2013</marc:subfield>
   </marc:datafield>
   <marc:datafield ind1="1" ind2=" " tag="520">
      <marc:subfield code="a">Ob in der Halle, im Klettergarten oder im Hochgebirge: Dieses fundierte Praxisbuch behandelt wirklich alle Aspekte, die beim Klettern für sie wichtig sind – vom aktuellen Stand der Ausrüstung über Klettertechniken und neueste Erkenntnisse der Sicherungstechnik bis zur Trainingsmethoden. Zudem gibt es Hinweis auf die Gefahren beim Klettern und Tipps, wie Sie typische Fehler vermeiden können.</marc:subfield>
   </marc:datafield>
   <marc:datafield ind1=" " ind2=" " tag="020">
      <marc:subfield code="a">9783835411319</marc:subfield>
      <marc:subfield code="9">9783835411319</marc:subfield>
   </marc:datafield>
</marc:record>
